Elementary solid state physics; (Record no. 180833)
[ view plain ]
| 000 -LEADER | |
|---|---|
| fixed length control field | 00796 a2200169 4500 |
| 003 - CONTROL NUMBER IDENTIFIER | |
| control field | Nust |
| 005 - DATE AND TIME OF LATEST TRANSACTION | |
| control field | 20221208120701.0 |
| 040 ## - CATALOGING SOURCE | |
| Transcribing agency | Nust |
| 082 ## - DEWEY DECIMAL CLASSIFICATION NUMBER | |
| Classification number | 530.41,KIT |
| 100 ## - MAIN ENTRY--PERSONAL NAME | |
| Personal name | Kittel, Charles. |
| 9 (RLIN) | 34447 |
| 245 ## - TITLE STATEMENT | |
| Title | Elementary solid state physics; |
| Remainder of title | a short course. |
| Statement of responsibility, etc. | Kittel, Charles. |
| 260 ## - PUBLICATION, DISTRIBUTION, ETC. | |
| Place of publication, distribution, etc. | New York |
| Name of publisher, distributor, etc. | Wiley |
| Date of publication, distribution, etc. | [1962] |
| 300 ## - PHYSICAL DESCRIPTION | |
| Extent | 339 p. |
| Other physical details | illus. 24 cm. |
| 505 ## - FORMATTED CONTENTS NOTE | |
| Formatted contents note | Crystal Structure (Page-1), Diffraction of Waves By Crystals (Page-29), Thermal Properties of solids (Page-45), Dielectric Properties (Page-69), Free electron Model of Metals (Page-106), Band Theory of Solids (Page-143), Semiconductors Physics and Devises (Page-199), Magnetism and Magnetic Resonance (Page-251), Dislocations Strength of Solids (Page-305). |
| 650 ## - SUBJECT ADDED ENTRY--TOPICAL TERM | |
| Topical term or geographic name entry element | solid state physics; |
| 9 (RLIN) | 34429 |
| 942 ## - ADDED ENTRY ELEMENTS (KOHA) | |
| Source of classification or shelving scheme | |
| Koha item type | Book |
| Withdrawn status | Lost status | Source of classification or shelving scheme | Damaged status | Not for loan | Collection code | Permanent Location | Current Location | Date acquired | Total Checkouts | Full call number | Barcode | Date last seen | Price effective from | Koha item type | Shelving location | Public note |
|---|---|---|---|---|---|---|---|---|---|---|---|---|---|---|---|---|
| Military College of Signals (MCS) | Military College of Signals (MCS) | 12/12/2016 | 530.41 KIT | MCS5161 | 12/08/2016 | 12/12/2016 | Book | |||||||||
| Military College of Signals (MCS) | Military College of Signals (MCS) | 12/12/2016 | 530.41, KIT | MCS5162 | 12/08/2016 | 12/12/2016 | Book | General Stacks | Almirah No.16, Shelf No.1 | |||||||
| Military College of Signals (MCS) | Military College of Signals (MCS) | 12/12/2016 | 530.41, KIT | MCS5427 | 12/08/2016 | 12/12/2016 | Book | General Stacks | Almirah No.16, Shelf No.1 |
